80s movie quiz #3 - Statistics

General Stats
  • This quiz has been taken 74 times
  • The average score is 6 of 16
Answer Stats
Picture Answer % Correct
Robocop
85%
A Nightmare on Elm Street
79%
Rain Man
72%
Big
63%
Poltergeist
60%
Raging Bull
53%
Risky Business
50%
48 Hours
28%
Blade Runner
25%
My Neighbor Totoro
22%
Blue Velvet
19%
Do the right thing
19%
They Live
19%
The Killing Fields
12%
Brazil
3%
The Vanishing
1%
No matching quizzes found
Score Distribution
Percent of People with Each Score
Percentile by Number Answered
Your Score History
You have not taken this quiz